000 00406nam a2200157Ia 4500
008 210716s2003 xx 000 0 und d
020 _a8120322584
041 _aeng
082 _a574.80285 BERB
100 _aBergeron, Bryan.
245 _aBioinformatics computing.
250 _a1
260 _aNew Delhi
_bPrentice Hall of India PVt Ltd
_c2003
300 _axxii,439/2015
650 _aBioinformatics
999 _c195446
_d195446